An investigation into the use of metacognitive strategies in reading comprehension of the second-year student’s majoring in English at Danang college of foreign language /

Saved in:
Bibliographic Details
Main Author: Hồ Thị Ái Dung
Format: Unknown
Language:English
Published: 2010.
Subjects:
Tags: Add Tag
No Tags, Be the first to tag this record!
Institutions: Mạng thư viện Đại học Đà Nẵng
LEADER 01327na a2200325 4500
001 000032036
003 8005
005 20230302081029.0
008 151001s2010 000 eng
040 |a LNN 
041 |a eng 
082 |a 420.4  |b HÔ-D 
100 |a Hồ Thị Ái Dung 
245 3 |a An investigation into the use of metacognitive strategies in reading comprehension of the second-year student’s majoring in English at Danang college of foreign language /  |c Hồ Thị Ái Dung. 
260 |c 2010. 
300 |a 50tr. : mh ; 30cm. 
650 |a An investigation into the use of metacognitive strategies in reading comprehension of the second-year student’s majoring in English at Danang college of foreign language 
852 |c Luận văn sinh viên 
OWN |a LNN 
AVA |a UDN50  |b LNN  |c English  |d 420.4 HÔ-D  |e available  |t Error 5001 Not defined in file expand_doc_bib_avail.  |f 1  |g 0  |h N  |i 0  |j AN  |k 1 
999 |a From the UDN01 
AVA |a UDN50  |b LNN  |c English  |d 420.4 HÔ-D  |e available  |t Error 5001 Not defined in file expand_doc_bib_avail.  |f 1  |g 0  |h N  |i 0  |j AN  |k 1 
TYP |a Printed language 
980 |a Mạng thư viện Đại học Đà Nẵng